Statistics for Towns of the four British nations III

Click here to take the quiz!

General Stats

  • This quiz has been taken 12 times
  • The average score is 19 of 20

Answer Stats

QuestionAnswer% Correct
StaffordEngland
100%
BarnsleyEngland
100%
AbingdonEngland
100%
KetteringEngland
100%
DewsburyEngland
100%
King's LynnEngland
100%
RiponEngland
100%
PortadownNorthern Ireland
100%
LisburnNorthern Ireland
100%
KillinScotland
100%
CaerphillyWales
100%
Colwyn BayWales
100%
Pembroke DockWales
100%
LudlowEngland
90%
NewtownardsNorthern Ireland
90%
CraigavonNorthern Ireland
80%
ClackmannanScotland
80%
TarbertScotland
80%
PortmeirionWales
80%
ElieScotland
70%

Score Distribution

Percentile by Number Answered

Percent of People with Each Score

Your Score History

You have not taken this quiz